Past NESCAC Football Champions - Statistics

General Stats
  • This quiz has been taken 29 times
  • The average score is 9 of 15
Answer Stats
Year Champion % Correct
2015 Amherst
100%
2014 Amherst
100%
2016 Trinity
91%
2011 Amherst
74%
2009 Amherst
65%
2008 Trinity
65%
2006 Williams
65%
2012 Trinity
61%
2005 Trinity
61%
2004 Trinity
61%
2003 Trinity
61%
2010 Williams
61%
2007 Middlebury
35%
2013 Amherst/Middlebury/Wesleyan
0%
2002 Trinity/Williams
0%
No matching quizzes found
Score Distribution
Percent of People with Each Score
Percentile by Number Answered
Your Score History
You have not taken this quiz